Online Searching: A Scientist's Perspective : A Guide for the Chemical and Life Sciences /

Uložené v:
Podrobná bibliografia
Hlavný autor: Ridley, Damon D (Autor)
Médium: Kniha
Jazyk:English
Vydavateľské údaje: Chichester : John Wiley & Sons, 1996
Tagy: Pridať tag
Žiadne tagy, Buďte prvý, kto otaguje tento záznam!

MARC

LEADER 00000nam a22000003a 4500
001 stu15749
005 20190206124526.0
008 970714s1996----uk------------------eng-d
020 |a 0-471-96521-9 
040 |a STU  |b slo 
041 0 |a eng 
044 |a uk 
080 |a 001.814.2  |7 stu_us_auth*stu15076 
100 1 |a Ridley, Damon D  |4 aut 
245 1 |a Online Searching: A Scientist's Perspective :  |b A Guide for the Chemical and Life Sciences /  |c [aut.]Ridley,Damon D 
260 |a Chichester :  |b John Wiley & Sons,  |c 1996 
300 |a 344 s :  |b Tab.,index 
996 |b 284C009751  |c C*94881  |l CCI  |s A  |a 24  |w stu15749_0001